International Business / Global Competition from a European Perspective (Record no. 903)
[ view plain ]
| 000 -LEADER | |
|---|---|
| fixed length control field | 01561cam a22002174a 4500 |
| 005 - ΗΜΕΡΟΜΗΝΙΑ ΚΑΙ ΩΡΑ ΤΕΛΕΥΤΑΙΑΣ ΕΝΗΜΕΡΩΣΗΣ | |
| Πεδίο ελέγχου | 20250605163949.0 |
| 008 - FIXED-LENGTH DATA ELEMENTS--GENERAL INFORMATION | |
| Πεδίο ελέγχου σταθερού μήκους | 250528s ||||||||||||||||||||||||d |
| 035 ## - SYSTEM CONTROL NUMBER | |
| System control number | 15313 |
| 020 ## - ISBN | |
| ISBN | 198782136 |
| 040 ## - ΠΗΓΗ ΚΑΤΑΛΟΓΟΓΡΑΦΗΣΗΣ | |
| Φορέας πρωτότυπης καταλογογράφησης | MC Athens Campus Library |
| Γλώσσα καταλογογράφησης | Ελληνικά, Μοντέρνα (1453-) |
| Modifying agency | MC Athens Campus Library |
| Κανόνες περιγραφικής καταλογογράφησης | AACR2 |
| 245 1# - ΤΙΤΛΟΣ ΚΑΙ ΔΗΛΩΣΗ ΥΠΕΥΘΥΝΟΤΗΤΑΣ | |
| Τίτλος | International Business / Global Competition from a European Perspective |
| 260 ## - PUBLICATION, DISTRIBUTION, ETC. | |
| Name of publisher, distributor, etc. | Oxford University Press, |
| Date of publication, distribution, etc. | 2000 |
| 300 ## - PHYSICAL DESCRIPTION | |
| Extent | 492 |
| 520 ## - SUMMARY, ETC. | |
| Summary, etc. | This text explains all the main activities involved in international business, and demonstrates how firms adapt to their changing environment. Preface, Acknowledgements, International Business Activities, The Nature of International Business, Multinational Enterprises, International Market Entry and Organizational Response, The International Environment, The Political and Economic and Legal Environment, Culture and Ethics in International Business, International Institutions and Global Issues, Integration Between Countries, The World's Major Trading Nations, The Emerging Economies, International Trade and Investment, International Trade and Payments, International Competitiveness, The European Union, The Single European Market, European Political and Economic Integration, The European Union and International Business, Transition in Eastern Europe, Privatization in Eastern Europe, Foreign Direct Investment in Eastern Europe, Doing Business in Eastern Europe, Glossary. |
| 700 1# - ΠΡΟΣΘΕΤΗ ΑΝΑΓΡΑΦΗ--ΦΥΣΙΚΟ ΠΡΟΣΩΠΟ | |
| Personal name | Dalkiran Ertugal |
| 9 (RLIN) | 1211 |
| 700 1# - ΠΡΟΣΘΕΤΗ ΑΝΑΓΡΑΦΗ--ΦΥΣΙΚΟ ΠΡΟΣΩΠΟ | |
| Personal name | Elsey Ena |
| 9 (RLIN) | 1212 |
| 700 1# - ΠΡΟΣΘΕΤΗ ΑΝΑΓΡΑΦΗ--ΦΥΣΙΚΟ ΠΡΟΣΩΠΟ | |
| Personal name | Harrison Andrew L |
| 9 (RLIN) | 1213 |
| 942 ## - ADDED ENTRY ELEMENTS (KOHA) | |
| Koha item type | Books |
| Τύπος τεκμηρίου | Βιβλιοθήκη | Τρέχουσα τοποθεσία | Barcode | Αριθμός εισαγωγής | Ημερομηνία απόκτησης | Ταξιθετικό σύμβολο | Αριθμός αντιτύπου | Κατάσταση απόσυρσης | Κατάσταση χαμένου | Κατάσταση κατεστραμμένου | Μη δανεισμός | Σύνολο δανεισμών | Ημερομηνία τελευταίας εμφάνισης | Η τιμή ισχύει από |
|---|---|---|---|---|---|---|---|---|---|---|---|---|---|---|
| Books | MC Athens Campus Library | MC Athens Campus Library | 9780000009029 | 1558 | 05/06/2025 | 658/.049 HAR | 1 | 05/06/2025 | 05/06/2025 |